000 00792nam a22002537a 4500
001 4713
003 FISKH
005 20240925092850.0
008 240925b cb ||||| |||| 00| 0 eng d
020 _a9780140321708
040 _aFISKH
_beng
_cFISKH
_dFISKH
050 _aPZ7.M47853
082 _2813
100 _aMcgraw, Jarvis Eloise
_d(1915–2000)
245 _aMoccasin trail /
_cby Eloise Jarvis McGraw
250 _aPublished in 1986
260 _aAuckland :
_bPuffin Books,
_c1986.
300 _a247 pages :
_c20cm
520 _aA pioneer boy, brought up by Crow Indians, is reunited with his family and attempts to orient himself in the white man's culture.
650 _2American history
_aNewbery
650 _219th century
_aIndians
942 _2ddc
_cBK
_n0
999 _c4713
_d4713